000 01209nam a2200301 4500
001 0000013978
003 CO-CtgCURN
005 20250516161242.0
007 ta
008 160627s1993 000 0 eng d
020 _a8482725904
040 _aCO-CtgCURN
_bspa
_ccoctgcurn
082 0 _a347.7
_bM178p
100 1 _aMadriñan de La Torre, Ramon Eduardo.
245 1 0 _aPrincipios de derecho comercial /
_cRamon E. Madriñan de La Torre.
250 _a5a. ed. corregida y puesta al dia.
260 _aBogotá :
_bTemis,
_c1993.
300 _axi, 233 p.
336 _2rdacontent
337 _2rdamedia
_asin mediacion
_bn
338 _2rdacarrier
_avolumen
_bnc
504 _aBibliografia (p. 213-216)
505 8 _aDefinicion de derecho comercial.--Historia del derecho comercial en Colombia.--El acto de comercio.--El comerciante.--El registro publico de comercio.--La contabilidad mercantil.--Las camaras de comercio.--El establecimiento de comercio.--Sociedades civiles y mercantiles.--Sociedades de economia mixta
650 1 4 _aCamaras de comercio.
908 _a160627
942 _cBK
_h347.7
_iM178p
_2ddc
_n0
999 _c20529
_d20529